[Event "Reykjavik op"]
[Site "Reykjavik"]
[Date "2023.03.30"]
[Round "3"]
[White "Shundi, Matias"]
[Black "Agustsson, Hafsteinn"]
[Result "1-0"]
[WhiteElo "2145"]
[BlackElo "1762"]
[PlyCount "65"]
[EventDate "2023.03.29"]
[EventType "swiss"]
[EventRounds "9"]
[EventCountry "ISL"]
[SourceTitle "CBM 213 Extra"]
[Source "ChessBase"]
[SourceDate "2023.05.31"]
[SourceVersion "1"]
[SourceVersionDate "2023.05.31"]
[SourceQuality "1"]

1. e4 c5 2. Nf3 Nc6 3. d4 cxd4 4. Nxd4 Nf6 5. Nc3 e5 6. Ndb5 d6 7. Nd5 Nxd5 8. exd5 Nb8 9. a4 Be7 10. Be2 0-0 11. 0-0 Nd7 12. Kh1 f5 13. f4 a6 14. Na3 Nc5 15. fxe5 dxe5 16. Nc4 Bf6 17. Be3 Ne4 18. Nb6 f4 19. Bg1 Bh4 20. Ra3 Ng3+ 21. Rxg3 Bxg3 22. Nxa8 Qh4 23. d6 Bd7 24. Qd5+ Kh8 25. Qxe5 Rxa8 26. Qh5 Rf8 27. b3 Bc6 28. Qxh4 Bxh4 29. Bf3 Bxf3 30. Rxf3 Bd8 31. g3 g5 32. gxf4 Kg8 33. f5 1-0

[Event "EU-ch 21st"]
[Site "Reykjavik"]
[Date "2021.09.03"]
[Round "9"]
[White "Kjartansson, Arnar Logi"]
[Black "Agustsson, Hafsteinn"]
[Result "0-1"]
[WhiteElo "1271"]
[BlackElo "1803"]
[PlyCount "32"]
[EventDate "2021.08.26"]
[EventType "swiss"]
[EventRounds "11"]
[EventCountry "ISL"]
[SourceTitle "CBM 204"]
[Source "ChessBase"]
[SourceDate "2021.10.31"]
[SourceVersion "1"]
[SourceVersionDate "2021.10.31"]
[SourceQuality "1"]

1. d4 d5 2. c4 e6 3. Nc3 Be7 4. cxd5 exd5 5. Nf3 c6 6. Qc2 Nf6 7. Bf4 Qa5 8. e3 Na6 9. Rd1 Ne4 10. Nd2 Bf5 11. Bd3 Nb4 12. Qb1 Nxc3 13. bxc3 Nxd3+ 14. Kf1 Qa6 15. Kg1 Nxf4 16. Qxf5 Ne2+ 0-1

[Event "EU-ch 21st"]
[Site "Reykjavik"]
[Date "2021.08.27"]
[Round "2"]
[White "Agustsson, Hafsteinn"]
[Black "Jacobsen, Mikkel Manosri"]
[Result "1/2-1/2"]
[WhiteElo "1803"]
[BlackElo "2309"]
[PlyCount "49"]
[EventDate "2021.08.26"]
[EventType "swiss"]
[EventRounds "11"]
[EventCountry "ISL"]
[SourceTitle "CBM 204"]
[Source "ChessBase"]
[SourceDate "2021.10.31"]
[SourceVersion "1"]
[SourceVersionDate "2021.10.31"]
[SourceQuality "1"]

1. e4 c6 2. d4 d5 3. exd5 cxd5 4. Bd3 Nc6 5. c3 Nf6 6. Bf4 Bg4 7. Qb3 Qd7 8. Nd2 e6 9. Ngf3 Bd6 10. Ne5 Qc7 11. h3 Nxe5 12. Bxe5 Bxe5 13. hxg4 Bf4 14. Bb5+ Ke7 15. Be2 Bxd2+ 16. Kxd2 Qf4+ 17. Ke1 Ne4 18. Qxb7+ Kf6 19. g5+ Qxg5 20. Rh3 Rhf8 21. Rf3+ Kg6 22. Bd3 Qh4 23. Rg3+ Kf6 24. Rf3+ Kg6 25. Rg3+ 1/2-1/2

[Event "EU-ch 21st"]
[Site "Reykjavik"]
[Date "2021.08.26"]
[Round "1"]
[White "Ftacnik, Lubomir"]
[Black "Agustsson, Hafsteinn"]
[Result "1-0"]
[WhiteElo "2513"]
[BlackElo "1803"]
[PlyCount "57"]
[EventDate "2021.08.26"]
[EventType "swiss"]
[EventRounds "11"]
[EventCountry "ISL"]
[SourceTitle "CBM 204"]
[Source "ChessBase"]
[SourceDate "2021.10.31"]
[SourceVersion "1"]
[SourceVersionDate "2021.10.31"]
[SourceQuality "1"]

1. Nf3 d5 2. d4 e6 3. c4 Nf6 4. Nc3 Be7 5. Bf4 0-0 6. a3 c5 7. dxc5 Bxc5 8. b4 Bd6 9. Bxd6 Qxd6 10. e3 Rd8 11. Qb3 dxc4 12. Bxc4 Nc6 13. Rd1 Qe7 14. Rxd8+ Qxd8 15. 0-0 a6 16. Qc2 b5 17. Bd3 Bb7 18. Ne4 h6 19. Nc5 Qe7 20. Rc1 Rc8 21. Qb2 Kf8 22. h3 Kg8 23. Be2 e5 24. Nd2 e4 25. Ndb3 Kf8 26. Rc2 Nd5 27. Nxb7 Qxb7 28. Nc5 Qa7 29. Nxe4 1-0

[Event "Guernsey op 45th"]
[Site "Vale"]
[Date "2019.10.24"]
[Round "5"]
[White "Agustsson, Hafsteinn"]
[Black "Magnussen, Pal"]
[Result "0-1"]
[WhiteElo "1804"]
[BlackElo "1983"]
[PlyCount "104"]
[EventDate "2019.10.20"]
[EventType "swiss"]
[EventRounds "7"]
[EventCountry "GCI"]
[SourceTitle "EXT 2021"]
[Source "ChessBase"]
[SourceDate "2020.10.23"]
[SourceVersion "1"]
[SourceVersionDate "2020.10.23"]
[SourceQuality "1"]

1. e4 e5 2. Nf3 Nc6 3. Bb5 a6 4. Ba4 Nf6 5. 0-0 b5 6. Bb3 Be7 7. Re1 0-0 8. c3 d6 9. h3 Nb8 10. d4 Nbd7 11. Nbd2 Bb7 12. Bc2 Re8 13. Nf1 Bf8 14. Ng3 c6 15. b3 Qc7 16. Bb2 Rad8 17. Rc1 d5 18. Bb1 dxe4 19. Nxe4 Nxe4 20. Bxe4 Nf6 21. Bb1 e4 22. Nd2 Qf4 23. Nf1 c5 24. Qd2 Qh4 25. Re2 Bd6 26. Rce1 Bf4 27. Qd1 Qg5 28. Bc1 Bxc1 29. Qxc1 Qxc1 30. Rxc1 cxd4 31. cxd4 Rxd4 32. Ng3 h5 33. Rce1 Kf8 34. Nf5 Rd7 35. b4 g6 36. Ne3 Red8 37. Bc2 Rd2 38. Bb3 Rxe2 39. Rxe2 Rd4 40. Nc2 Rd1+ 41. Kh2 Nd7 42. Ne3 Rd4 43. Nc2 Rd6 44. Kg3 Kg7 45. Kf4 f5 46. g4 fxg4 47. hxg4 Rf6+ 48. Kg3 Rf3+ 49. Kh4 Rf4 50. Ne3 Nf6 51. Kg5 Rf3 52. gxh5 Nh7+ 0-1

[Event "Reykjavik op"]
[Site "Reykjavik"]
[Date "2019.04.11"]
[Round "5"]
[White "Svergina, Sofya"]
[Black "Agustsson, Hafsteinn"]
[Result "1-0"]
[WhiteElo "1495"]
[BlackElo "1842"]
[PlyCount "63"]
[EventDate "2019.04.08"]
[EventType "swiss"]
[EventRounds "9"]
[EventCountry "ISL"]
[SourceTitle "CBM 189 Extra"]
[Source "ChessBase"]
[SourceDate "2019.06.03"]
[SourceVersion "1"]
[SourceVersionDate "2019.06.03"]
[SourceQuality "1"]

1. e4 c5 2. Nf3 Nc6 3. d4 cxd4 4. Nxd4 Nf6 5. Nc3 e5 6. Ndb5 d6 7. Bg5 a6 8. Na3 b5 9. Nd5 Be7 10. Bxf6 Bxf6 11. c3 Bg5 12. Nc2 0-0 13. a4 Rb8 14. axb5 axb5 15. h4 Bh6 16. g3 f5 17. exf5 Bxf5 18. Bg2 Ne7 19. Ncb4 Bd7 20. Nxe7+ Qxe7 21. 0-0 Kh8 22. Ra6 e4 23. Qxd6 Qxd6 24. Rxd6 Bf5 25. Re1 Rfe8 26. Rd5 g6 27. Nc2 Bg7 28. Nd4 Re5 29. Rxe5 Bxe5 30. Bxe4 Bxd4 31. cxd4 Re8 32. f3 1-0

[Event "Helsingor Xtracon op"]
[Site "Helsingor"]
[Date "2018.07.21"]
[Round "1"]
[White "Rydstrom, Tom"]
[Black "Agustsson, Hafsteinn"]
[Result "1-0"]
[WhiteElo "2307"]
[BlackElo "1844"]
[PlyCount "103"]
[EventDate "2018.07.21"]
[EventType "swiss"]
[EventRounds "10"]
[EventCountry "DEN"]
[SourceTitle "CBM 185 Extra"]
[Source "ChessBase"]
[SourceDate "2018.07.29"]
[SourceVersion "1"]
[SourceVersionDate "2018.07.29"]
[SourceQuality "1"]

1. d4 d5 2. Nf3 Nf6 3. Bf4 e6 4. c3 c5 5. e3 Be7 6. Nbd2 Nbd7 7. h3 0-0 8. Bd3 b6 9. 0-0 Bb7 10. Qc2 c4 11. Be2 b5 12. Bh2 Qb6 13. b3 Bc6 14. bxc4 bxc4 15. e4 Ba3 16. exd5 exd5 17. Ne5 Bb5 18. Nxd7 Nxd7 19. Bf3 Bd6 20. Rfe1 Bxh2+ 21. Kxh2 Qd6+ 22. g3 Rae8 23. Qf5 Nf6 24. Re5 Bc6 25. Bg2 Nd7 26. Ree1 Re6 27. Nf3 g6 28. Qg5 Rfe8 29. Rxe6 Rxe6 30. Qd8+ Kg7 31. Kg1 Nf6 32. Qxd6 Rxd6 33. Ne5 Ba4 34. g4 Nd7 35. Re1 f6 36. Nxd7 Rxd7 37. Re8 Bc6 38. Rc8 Bb7 39. Rc5 Kf7 40. Kf1 Ke7 41. Ra5 Bc6 42. Ke2 Kd6 43. Kd2 Re7 44. Bf3 Rd7 45. h4 Rb7 46. Kc1 Ke6 47. Bd1 f5 48. Ra6 Kd7 49. gxf5 gxf5 50. Bc2 Kd6 51. Bxf5 Rf7 52. Bc2 1-0

[Event "NOR-chT Club"]
[Site "Bergen"]
[Date "2018.05.10"]
[Round "6"]
[White "Agustsson, Hafsteinn"]
[Black "Harestad, Hans Krogh"]
[Result "0-1"]
[WhiteElo "1867"]
[BlackElo "2214"]
[PlyCount "54"]
[EventDate "2018.05.10"]
[EventType "team-swiss"]
[EventRounds "6"]
[EventCountry "NOR"]
[SourceTitle "EXT 2019"]
[Source "ChessBase"]
[SourceDate "2018.10.10"]
[SourceVersion "1"]
[SourceVersionDate "2018.10.10"]
[SourceQuality "1"]
[WhiteTeam "Bergens III"]
[BlackTeam "Haehre Betonmast"]
[WhiteTeamCountry "NOR"]
[BlackTeamCountry "NOR"]

1. e4 e5 2. Nf3 d6 3. d4 exd4 4. Nxd4 Nf6 5. Nc3 Be7 6. Be2 0-0 7. 0-0 Re8 8. f4 Bf8 9. Bf3 c5 10. Nde2 Nc6 11. Kh1 Rb8 12. Be3 Bd7 13. a3 b5 14. Ng3 a5 15. a4 bxa4 16. Nxa4 g6 17. c3 h5 18. e5 dxe5 19. Bxc6 Bxc6 20. Qxd8 Rbxd8 21. fxe5 Ng4 22. Bg5 Rd3 23. Nb6 Rxe5 24. Bf4 Re6 25. Nc4 h4 26. h3 Bd5 27. hxg4 Bxc4 0-1

[Event "Reykjavik op"]
[Site "Reykjavik"]
[Date "2018.03.12"]
[Round "7"]
[White "Agustsson, Hafsteinn"]
[Black "Karlsson, Mikael Johann"]
[Result "0-1"]
[WhiteElo "1853"]
[BlackElo "2150"]
[PlyCount "78"]
[EventDate "2018.03.06"]
[EventType "swiss"]
[EventRounds "9"]
[EventCountry "ISL"]
[SourceTitle "CBM 183 Extra"]
[Source "ChessBase"]
[SourceDate "2018.04.19"]
[SourceVersion "1"]
[SourceVersionDate "2018.04.19"]
[SourceQuality "1"]

1. e4 c5 2. Nf3 Nc6 3. d4 cxd4 4. Nxd4 Qb6 5. Nb3 Nf6 6. Nc3 e6 7. Be3 Qc7 8. a3 a6 9. Be2 Be7 10. 0-0 b5 11. f4 d6 12. Bf3 Bb7 13. g4 0-0 14. g5 Nd7 15. Kh1 Rfe8 16. Bg2 g6 17. Qg4 b4 18. axb4 Nxb4 19. Rac1 Bf8 20. h4 Bg7 21. h5 f5 22. Qh4 fxe4 23. hxg6 hxg6 24. Nxe4 Nd5 25. Bd4 e5 26. fxe5 dxe5 27. Bc3 Nf4 28. Rxf4 exf4 29. Bxg7 Bxe4 30. Bxe4 Rxe4 31. Qh8+ Kf7 32. Qxa8 Re8 33. Qd5+ Kxg7 34. Nd4 Nf8 35. Nf3 Re2 36. c4 Qc8 37. Qd4+ Kg8 38. Qxf4 Qh3+ 39. Nh2 Qg2# 0-1

[Event "Guernsey op 43rd"]
[Site "Vale"]
[Date "2017.10.21"]
[Round "7"]
[White "Magnussen, Pal"]
[Black "Agustsson, Hafsteinn"]
[Result "1-0"]
[WhiteElo "1867"]
[BlackElo "1925"]
[PlyCount "81"]
[EventDate "2017.10.15"]
[EventType "swiss"]
[EventRounds "7"]
[EventCountry "GCI"]
[SourceTitle "CBM 181 Extra"]
[Source "ChessBase"]
[SourceDate "2017.12.12"]
[SourceVersion "1"]
[SourceVersionDate "2017.12.12"]
[SourceQuality "1"]

1. e4 c5 2. Nf3 Nc6 3. Bb5 e6 4. Bxc6 bxc6 5. 0-0 Ne7 6. d4 cxd4 7. Qxd4 Qb6 8. Be3 Qxd4 9. Bxd4 d5 10. Nbd2 f6 11. Rfe1 e5 12. Bc5 Kf7 13. Rad1 Be6 14. Nb3 a5 15. Bd6 dxe4 16. Rxe4 Bf5 17. Re2 Rd8 18. Red2 Bxc2 19. Rxc2 Nf5 20. Rxc6 Bxd6 21. g4 Nd4 22. Nbxd4 exd4 23. Rxd4 Ke6 24. Ra6 Ke7 25. Re4+ Kf7 26. Rxa5 Ra8 27. Rea4 Rxa5 28. Rxa5 Rb8 29. b3 Rb4 30. h3 Bf4 31. Rd5 Ke6 32. Rd1 g6 33. Nd4+ Kf7 34. Kf1 Rb6 35. Ke2 Ra6 36. a4 Rb6 37. Kd3 Be5 38. Kc4 Bd6 39. Nb5 Rc6+ 40. Kd5 Rb6 41. Nxd6+ 1-0

[Event "Guernsey op 43rd"]
[Site "Vale"]
[Date "2017.10.16"]
[Round "2"]
[White "Agustsson, Hafsteinn"]
[Black "Cummins, John"]
[Result "1/2-1/2"]
[WhiteElo "1925"]
[BlackElo "1790"]
[PlyCount "71"]
[EventDate "2017.10.15"]
[EventType "swiss"]
[EventRounds "7"]
[EventCountry "GCI"]
[SourceTitle "CBM 181 Extra"]
[Source "ChessBase"]
[SourceDate "2017.12.12"]
[SourceVersion "1"]
[SourceVersionDate "2017.12.12"]
[SourceQuality "1"]

1. d4 d5 2. c4 c6 3. Nc3 e6 4. Nf3 Nf6 5. Bg5 Be7 6. e3 Nbd7 7. Qc2 dxc4 8. Bxc4 h6 9. Bh4 Nd5 10. Bxe7 Qxe7 11. e4 N5f6 12. a4 a5 13. 0-0 0-0 14. Rfe1 Qb4 15. Na2 Qb6 16. Rab1 Qd8 17. Rbd1 b6 18. Nc3 Bb7 19. d5 exd5 20. exd5 cxd5 21. Nxd5 Nxd5 22. Bxd5 Bxd5 23. Rxd5 Ra7 24. Qc6 Qc7 25. Qxc7 Rxc7 26. Rd6 Rb8 27. Nd4 Nf6 28. Nc6 Ra8 29. f3 Kf8 30. Nd4 Rd7 31. Nf5 Rxd6 32. Nxd6 Nd7 33. Nc4 Rb8 34. Re3 Nc5 35. b3 Re8 36. Kf2 1/2-1/2

[Event "Guernsey op 43rd"]
[Site "Vale"]
[Date "2017.10.15"]
[Round "1"]
[White "Timmermans, Ivo"]
[Black "Agustsson, Hafsteinn"]
[Result "1-0"]
[WhiteElo "2126"]
[BlackElo "1925"]
[PlyCount "47"]
[EventDate "2017.10.15"]
[EventType "swiss"]
[EventRounds "7"]
[EventCountry "GCI"]
[SourceTitle "CBM 181 Extra"]
[Source "ChessBase"]
[SourceDate "2017.12.12"]
[SourceVersion "1"]
[SourceVersionDate "2017.12.12"]
[SourceQuality "1"]

1. e4 c5 2. Nf3 Nc6 3. Bb5 e6 4. c3 a6 5. Bxc6 bxc6 6. 0-0 d5 7. Qa4 Bd7 8. d3 Qc7 9. Re1 Ne7 10. Nbd2 Ng6 11. e5 Be7 12. Qg4 h5 13. Qg3 0-0-0 14. Nb3 Rdf8 15. Be3 Qb6 16. Rab1 a5 17. d4 c4 18. Nc5 Qc7 19. h4 Qd8 20. b3 Nxh4 21. bxc4 Nf5 22. Na6 Qc7 23. Nxc7 Nxg3 24. Na6 1-0

[Event "Reykjavik op"]
[Site "Reykjavik"]
[Date "2017.04.25"]
[Round "8"]
[White "Agustsson, Hafsteinn"]
[Black "Viglundsson, Bjorgvin"]
[Result "1/2-1/2"]
[WhiteElo "1921"]
[BlackElo "2143"]
[PlyCount "83"]
[EventDate "2017.04.19"]
[EventType "swiss"]
[EventRounds "10"]
[EventCountry "ISL"]
[SourceTitle "CBM 178 Extra"]
[Source "ChessBase"]
[SourceDate "2017.06.22"]
[SourceVersion "1"]
[SourceVersionDate "2017.06.22"]
[SourceQuality "1"]

1. e4 e6 2. d4 d5 3. Nc3 Nf6 4. Bg5 Be7 5. e5 Nfd7 6. Bxe7 Qxe7 7. f4 a6 8. Nf3 c5 9. Qd2 0-0 10. Be2 f6 11. 0-0 Nc6 12. exf6 Qxf6 13. dxc5 Qxf4 14. Qxf4 Rxf4 15. g3 Rf6 16. Na4 e5 17. Rad1 e4 18. Ng5 h6 19. Rxf6 Nxf6 20. Nb6 Rb8 21. Nxc8 Rxc8 22. Ne6 Kf7 23. Nf4 Rd8 24. c3 g5 25. Ng2 Ke6 26. Ne3 d4 27. cxd4 Rxd4 28. Rxd4 Nxd4 29. Bc4+ Ke5 30. Kf2 Nf3 31. h3 Kd4 32. c6 bxc6 33. Bxa6 h5 34. g4 hxg4 35. hxg4 Ne5 36. Be2 Nd3+ 37. Bxd3 exd3 38. a4 Ne4+ 39. Kf3 Nd2+ 40. Kf2 Nb3 41. Kf3 Nd2+ 42. Kf2 1/2-1/2

[Event "Reykjavik op"]
[Site "Reykjavik"]
[Date "2017.04.22"]
[Round "5"]
[White "Walton, Alan J"]
[Black "Agustsson, Hafsteinn"]
[Result "1-0"]
[WhiteElo "2199"]
[BlackElo "1921"]
[PlyCount "47"]
[EventDate "2017.04.19"]
[EventType "swiss"]
[EventRounds "10"]
[EventCountry "ISL"]
[SourceTitle "CBM 178 Extra"]
[Source "ChessBase"]
[SourceDate "2017.06.22"]
[SourceVersion "1"]
[SourceVersionDate "2017.06.22"]
[SourceQuality "1"]

1. d4 d5 2. c4 e6 3. Nc3 Be7 4. Nf3 Nf6 5. e3 0-0 6. Qc2 c5 7. cxd5 exd5 8. dxc5 Bxc5 9. Be2 Be6 10. 0-0 Qe7 11. a3 a6 12. b4 Bd6 13. Bb2 Nbd7 14. e4 Rac8 15. exd5 Nxd5 16. Qd2 N7f6 17. Nxd5 Nxd5 18. Qd4 Qf6 19. Qxf6 Nxf6 20. Nd4 Bc4 21. Bxc4 Rxc4 22. Nf5 Bb8 23. g3 g6 24. Ne7+ 1-0

[Event "Guernsey op 35th"]
[Site "Guernsey"]
[Date "2009.10.21"]
[Round "4"]
[White "Agustsson, Hafsteinn"]
[Black "Goris, Ton"]
[Result "0-1"]
[WhiteElo "1952"]
[BlackElo "2060"]
[PlyCount "82"]
[EventDate "2009.10.18"]
[EventType "swiss"]
[EventRounds "7"]
[EventCountry "GCI"]
[SourceTitle "EXT 2010"]
[Source "ChessBase"]
[SourceDate "2010.11.25"]
[SourceVersion "1"]
[SourceVersionDate "2010.11.25"]
[SourceQuality "1"]

1. e4 e6 2. d4 d5 3. Nc3 Bb4 4. e5 c5 5. a3 Ba5 6. b4 cxd4 7. Qg4 Ne7 8. bxa5 dxc3 9. Qxg7 Rg8 10. Qxh7 Nbc6 11. Nf3 Qxa5 12. a4 Bd7 13. Bb5 Qc7 14. Bxc6 Bxc6 15. 0-0 d4 16. Ng5 0-0-0 17. Qxf7 Bd5 18. Re1 Rdf8 19. Qh7 Qd8 20. Qd3 Nf5 21. f4 Bc6 22. Qc4 Qd5 23. Qxd5 Bxd5 24. a5 Ne7 25. g3 Nc6 26. Ne4 Nb4 27. Nf6 Nxc2 28. Nxg8 Rxg8 29. Ba3 Kd7 30. Rec1 Nxa1 31. Rxa1 d3 32. Kf2 d2 33. Ke2 Bb3 34. Bb4 d1Q+ 35. Rxd1+ Bxd1+ 36. Kxd1 Rh8 37. Bxc3 Rxh2 38. Bd4 a6 39. Bc3 Kc6 40. Bd2 Rg2 41. Be1 b5 0-1

[Event "Guernsey op 35th"]
[Site "Guernsey"]
[Date "2009.10.18"]
[Round "1"]
[White "Taylor, Mark V"]
[Black "Agustsson, Hafsteinn"]
[Result "1/2-1/2"]
[WhiteElo "2141"]
[BlackElo "1952"]
[PlyCount "115"]
[EventDate "2009.10.18"]
[EventType "swiss"]
[EventRounds "7"]
[EventCountry "GCI"]
[SourceTitle "EXT 2010"]
[Source "ChessBase"]
[SourceDate "2010.11.25"]
[SourceVersion "1"]
[SourceVersionDate "2010.11.25"]
[SourceQuality "1"]

1. d4 Nf6 2. c4 e6 3. Nf3 b6 4. a3 Bb7 5. Nc3 d5 6. cxd5 exd5 7. Bf4 Bd6 8. Bxd6 Qxd6 9. Rc1 a6 10. e3 0-0 11. Be2 Nbd7 12. 0-0 Rfd8 13. b4 c5 14. bxc5 bxc5 15. dxc5 Nxc5 16. Nd4 Rac8 17. Na4 Nfe4 18. Nxc5 Nxc5 19. Qd2 Ne4 20. Qb2 Rb8 21. Nf5 Qf6 22. Qxf6 Nxf6 23. Rc7 Ne8 24. Rc2 Kf8 25. Rb1 g6 26. Nd4 Nd6 27. Rcb2 Rbc8 28. g3 Rc7 29. Rb6 a5 30. Nb5 Nxb5 31. R6xb5 Ba6 32. Rb8 Bc8 33. Ba6 Ke7 34. Rxc8 Rdxc8 35. Bxc8 Rxc8 36. Rb5 a4 37. Ra5 Rc4 38. Kf1 Ke6 39. Ke2 h5 40. h4 Rc2+ 41. Kf3 Rc4 42. Ra7 d4 43. exd4 Rxd4 44. Ke3 Rc4 45. Kd3 Rg4 46. Ra5 Kd6 47. Ra6+ Ke7 48. Rc6 Kd7 49. Rc4 Kd6 50. Rxg4 hxg4 51. Kd4 f5 52. Ke3 Ke5 53. f3 gxf3 54. Kxf3 Ke6 55. Kf4 Kf6 56. g4 fxg4 57. Kxg4 Kf7 58. Kg5 1/2-1/2

[Event "Gausdal op-B"]
[Site "Gausdal"]
[Date "2008.04.12"]
[Round "5"]
[White "Persson, Jan"]
[Black "Agustsson, Hafsteinn"]
[Result "1/2-1/2"]
[WhiteElo "2019"]
[BlackElo "1966"]
[PlyCount "54"]
[EventDate "2008.04.08"]
[EventType "swiss"]
[EventRounds "9"]
[EventCountry "NOR"]
[SourceTitle "CBM 123 Extra"]
[Source "ChessBase"]
[SourceDate "2008.05.06"]
[SourceVersion "1"]
[SourceVersionDate "2008.05.06"]
[SourceQuality "1"]

1. c4 c5 2. Nc3 Nf6 3. g3 d5 4. cxd5 Nxd5 5. Bg2 Nc7 6. f4 Nc6 7. Nf3 e6 8. b3 Be7 9. Bb2 0-0 10. Qc1 Nd5 11. Ne4 b6 12. a3 Bb7 13. Qc2 h6 14. 0-0 Rc8 15. Nf2 Ba6 16. Rfe1 Bf6 17. Ne5 Nxe5 18. fxe5 Be7 19. Qe4 c4 20. Rac1 cxb3 21. Qg4 Qd7 22. Ne4 f5 23. exf6 Bxf6 24. Rxc8 Qxc8 25. Nxf6+ Nxf6 26. Qh3 Qc5+ 27. d4 Qf5 1/2-1/2